| 000 | 00559nab a2200145Ia 4500 | ||
|---|---|---|---|
| 003 | ES-SlBCS | ||
| 005 | 20210601134131.0 | ||
| 008 | 140529s2013 xxu||||| |||| 00| 0 por d | ||
| 041 | _apor | ||
| 100 | 1 |
_aBernardo, Luís Manuel A. V. _9214009 |
|
| 245 | 0 | 0 |
_aSentido e transcendência: algumas reflexoes a propósito da crítica de Pierre-Jean Labarrière ao homem unidimensional de Herbert Marcuse _c Luís Manuel A. V. Bernardo |
| 650 | 0 | 4 |
_aFilosofía de la Cultura _993832 |
| 773 | 0 |
_tSintese _gvol. 40, nº. 127, 2013, págs. 225-255 _wRev973 |
|
| 942 | _cAR | ||
| 999 |
_c607622 _d607622 |
||